Statistics for All Smash Brothers Ultimate Character's Final Smash

Click here to take the quiz!

General Stats

  • This quiz has been taken 25 times
    (23 since last reset)
  • The average score is 33 of 88

Answer Stats

CharacterFinal Smash% Correct
MarioMario Finale
83%
LucasPK Starstorm
67%
NessPK Starstorm
67%
YoshiStampede
67%
PikachuVolt Tackle
67%
PichuVolt Tackle
67%
LinkAncient Bow and Arrow
58%
RoyCritical Hit
58%
LucinaCritical Hit
58%
MarthCritical Hit
58%
SimonGrand Cross
58%
RichterGrand Cross
58%
Mr. Game & WatchOctopus
58%
PeachPeach Blossom
58%
Young LinkTriforce Slash
58%
Toon LinkTriforce Sllash
58%
Wii Fit TrainerWii Fit
58%
DaisyDaisy Blossom
50%
Dr. MarioDoctor Finale
50%
OlimarEnd Of Day
50%
BowserGiga Bowser Punch
50%
Little MacGiga Mac Rush
50%
Rosalina & LumaGrand Star
50%
Ice ClimbersIceberg
50%
MewtwoPsystrike
50%
JigglypuffPuff Up
50%
SonicSuper Sonic
50%
FalcoTeam Star Fox
50%
FoxTeam Star Fox
50%
WolfTeam Star Wolf
50%
ZeldaTriforce of Wisdom
50%
Pokémon TrainerTriple Finish
50%
KirbyUltra Sword
50%
JokerAll-Out Attack
42%
PalutenaBlack Hole Laser
42%
Captain FalconBlue Falcon
42%
Dark PitDark Pit Staff
42%
Donkey KongJungle Rush
42%
PitLightning Chariot
42%
Cloud (Normal Costume)Omnislash
42%
Dark SamusPhazon Laser
42%
WarioWario-Man
42%
Zero Suit SamusZero Laser
42%
SamusZero Laser
42%
King K. RoolBlast-O-Matic
33%
PyraBurning Sword
33%
VillagerDream Home
33%
IsabelleDream Town Hall
33%
IkeGreat Aether
33%
InklingKiller Wail
33%
Mii BrawlerOmega Blitz
33%
Bowser Jr.Shadow Mario Paint
33%
Ryu (Up Close)Shin Shoryuken
33%
LucarioAura Storm
25%
ShulkChain Attack
25%
King DededeDede-Rush
25%
Mii GunnerFull Blast
25%
GanondorfGanon, The Demon King
25%
HeroGigaslash
25%
SteveHouse Of Boom
25%
BayonettaInfernal Climax
25%
IncineroarMax Malicious Moonsault
25%
Mega ManMega Legends
25%
Duck HuntNES Zapper Posse
25%
RobinPair Up
25%
LuigiPoltergust G-00
25%
MythraSacred Arrow
25%
Ryu (Far Away)Shinku Hadoken
25%
TerryTriple Wolf
25%
Min MinARMS Rush
17%
ChromAwakening Aether
17%
Mii SwordfighterFinal Edge
17%
R.O.B.Guided Robo Beam
17%
Cloud (Advent Children Costume)Omnislash Ver. 5
17%
Piranha PlantPetey Pirahna
17%
RidleyPlasma Scream
17%
GreninjaSecret Ninja Attack
17%
SheikSheikah Dance
17%
SephirothSupernova
17%
Pac-ManSuper Pac-Man
17%
Banjo & KazooieThe Mighty Jinjonator
17%
SnakeCovering Fire
8%
Meta KnightDarkness Illusion
8%
BylethProgenitor God Ruptured Heaven
8%
Ken (Up Close)Shinryuken
8%
Ken (Far Away)Shippu Jinraikyaku
8%
Diddy KongHyper Rocketbarrel
0%
CorrinTorrential Roar
0%

Score Distribution

Percentile by Number Answered

Percent of People with Each Score

Your Score History

You have not taken this quiz since the last reset